000
00243nam a22000857a 4500
008
160708b xxu||||| |||| 00| 0 eng d
100
_9
2474
_a
Jain S
245
_a
A handbook of Diabetes Causes & Cure
260
_a
New Delhi
_b
Far sight Publication
_c
2010
999
_c
2141
_d
2141